Multimedia servers : (Record no. 328)
[ view plain ]
| 000 -LEADER | |
|---|---|
| fixed length control field | 00913cam a22003014a 4500 |
| 001 - CONTROL NUMBER | |
| control field | 328 |
| 003 - CONTROL NUMBER IDENTIFIER | |
| rucl marc code | BD-RjUL |
| 005 - DATE AND TIME OF LATEST TRANSACTION | |
| control field | 20211208233147.0 |
| 008 - FIXED-LENGTH DATA ELEMENTS--GENERAL INFORMATION | |
| fixed length control field | 990908s2000 cau b 001 0 eng d |
| 020 ## - INTERNATIONAL STANDARD BOOK NUMBER | |
| International Standard Book Number | 1558604308 |
| International Standard Book Number | 8178670402 |
| 035 ## - SYSTEM CONTROL NUMBER | |
| System control number | (BD-RjUL)345 |
| 040 ## - CATALOGING SOURCE | |
| Original cataloging agency | DLC |
| Transcribing agency | DLC |
| Modifying agency | DLC |
| -- | BD-RjUL |
| Language of cataloging | eng |
| 041 ## - LANGUAGE CODE | |
| Language code of text/sound track or separate title | eng |
| 082 00 - DEWEY DECIMAL CLASSIFICATION NUMBER | |
| Classification number | 006.7 |
| Edition number | 21 |
| Author mark and year | SIM 2000 |
| 100 1# - MAIN ENTRY--PERSONAL NAME | |
| Personal name | Sitaram, Dinkar. |
| 9 (RLIN) | 1043 |
| 245 10 - TITLE STATEMENT | |
| Title | Multimedia servers : |
| Remainder of title | applications, environments, and design / |
| Statement of responsibility, etc. | Dinkar Sitaram and Asit Dan. |
| 260 ## - PUBLICATION, DISTRIBUTION, ETC. (IMPRINT) | |
| Place of publication, distribution, etc. | San Francisco, Calif. : |
| Name of publisher, distributor, etc. | Morgan Kaufman Pub, |
| Date of publication, distribution, etc. | c2000. |
| 300 ## - PHYSICAL DESCRIPTION | |
| Pagination | xxii, 297 p. : |
| Illustrations | ill. ; |
| Size | 24 cm. |
| 504 ## - BIBLIOGRAPHY, ETC. NOTE | |
| Bibliography, etc | Includes bibliographical references (p. 273-278) |
| 526 ## - STUDY PROGRAM INFORMATION NOTE | |
| Requested Dept. | Computer Science |
| 650 #0 - SUBJECT ADDED ENTRY--TOPICAL TERM | |
| Topical term or geographic name as entry element | Multimedia systems. |
| 9 (RLIN) | 1044 |
| Topical term or geographic name as entry element | Web servers. |
| 9 (RLIN) | 1045 |
| 700 1# - ADDED ENTRY--PERSONAL NAME | |
| Personal name | Dan, Asit. |
| 942 ## - ADDED ENTRY ELEMENTS (KOHA) | |
| Source of classification or shelving scheme | Dewey Decimal Classification |
| Koha item type | Books |
| Lost status | Source of classification or shelving scheme | Damaged status | Not for loan | Collection code | Permanent Location | Current Location | Shelving location | Date acquired | Source of acquisition | Cost, normal purchase price | Total Checkouts | Full call number | Date last seen | Copy number | Koha item type |
|---|---|---|---|---|---|---|---|---|---|---|---|---|---|---|---|
| Dewey Decimal Classification | Non-fiction | Central Library, University of Rajshahi | Central Library, University of Rajshahi | 09/06/2008 | Paragon Enterprises ltd | 295.00 | 006.7 SIM 2000 | 17/11/2013 | C-3 | Books | |||||
| Dewey Decimal Classification | Non-fiction | Central Library, University of Rajshahi | Central Library, University of Rajshahi | 09/06/2008 | Dhaka,Paragon Enterprise Lit., | 295.00 | 006.7 SIM 2000 | 13/11/2016 | C-2 | Books | |||||
| Dewey Decimal Classification | Not For Loan | Non-fiction | Central Library, University of Rajshahi | Central Library, University of Rajshahi | Reading Room | 09/06/2008 | Dhaka, Paragon Enterprises Ltd | 295.00 | 006.7 SIM 2000 | 14/03/2017 | C-1 | Books |